000 00570nam a2200193Ia 4500
005 20260114185637.0
008 008 260114s9999 xx 000 0 eng d
020 _a9781474284011
037 _aEBOOK
040 _aCRL
_beng
_cCRL
041 _aeng
_2eng
084 _qCRL
100 _aF. M. G. Willson
_9872614
245 2 _aA Strong Supporting Cast The Shaw Lefevres 1789-1936
260 _bBloomsbury
_c2015
856 _uhttps://doi.org/10.5040/9781474284011?locatt=label:secondary_bloomsburyCollections
942 _cEBOOK
999 _c1471562
_d1471562